000 00582cam a22002053a 4500
001 44898
003 PGUSA
005 20140828084026.0
008 140214s2014||||xxu|||||s|||||000 | eng d
040 _aPGUSA
_beng
042 _adc
100 1 _aCarmel, John Prosper
245 1 0 _aBlottentots and How to Make Them
_h[electronic resource] /
_cJohn Prosper Carmel
260 _bProject Gutenberg,
_c2014
506 _aPublic domain in the USA.
516 _aElectronic text
830 0 _aProject Gutenberg
_v44898
856 4 0 _uhttp://www.gutenberg.org/ebooks/44898
942 _cEB
999 _c274149
_d274149